000
00316nam a2200145Ia 4500
100
_a
Andleigh/P.K/ Thakrar/K
942
_c
BK
654
_a
multimedia
245
_a
Multimedia system design
260
_b
Prentice Hall of India
_c
1996
082
_a
4.65
_b
AND
300
_a
654
546
_a
ENGLISH
999
_c
18425
_d
18425